<?xml version="1.0" encoding="UTF-8"?>
<marc:record xmlns:marc="http://www.loc.gov/MARC21/slim">
   <marc:leader>00000nam a2200000 a 4500</marc:leader>
   <marc:datafield ind1="1" ind2=" " tag="100">
      <marc:subfield code="a">Aveyard, Victoria</marc:subfield>
      <marc:subfield code="4">aut</marc:subfield>
      <marc:subfield code="e">Verfasser/-in</marc:subfield>
   </marc:datafield>
   <marc:datafield ind1="1" ind2=" " tag="100">
      <marc:subfield code="a">Schmitz, Birgit</marc:subfield>
   </marc:datafield>
   <marc:datafield ind1="0" ind2="0" tag="245">
      <marc:subfield code="a">Gläsernes Schwert</marc:subfield>
   </marc:datafield>
   <marc:datafield ind1="0" ind2="0" tag="245">
      <marc:subfield code="c">Victoria Aveyard. Aus dem Engl. von Birgit Schmitz</marc:subfield>
   </marc:datafield>
   <marc:datafield ind1=" " ind2="1" tag="264">
      <marc:subfield code="a">Hamburg</marc:subfield>
      <marc:subfield code="b">Carlsen</marc:subfield>
      <marc:subfield code="c">2016</marc:subfield>
   </marc:datafield>
   <marc:datafield ind1="1" ind2=" " tag="490">
      <marc:subfield code="a">¬Die¬ Farben des Blutes</marc:subfield>
      <marc:subfield code="v">2</marc:subfield>
   </marc:datafield>
   <marc:datafield ind1=" " ind2=" " tag="250">
      <marc:subfield code="a">Überarbeitete Fassung, 3. Aufl.</marc:subfield>
   </marc:datafield>
   <marc:datafield ind1="1" ind2=" " tag="520">
      <marc:subfield code="a">In letzter Sekunde wurden Mare und Prinz Cal von der Scharlachroten Garde aus der Todesarena gerettet. Die Rebellen hoffen, mit Hilfe der beiden den Kampf gegen die Silber-Herrschaft zu gewinnen. Doch Mare hat eigene Pläne. Gemeinsam mit Cal will sie diejenigen aufspüren, die sind wie sie: Rote mit besonderen Silber-Fähigkeiten. Denn auch der neue König der Silbernen, ihr einstiger Verlobter, hat es auf diese Menschen abgesehen. Aber schnell wird klar, dass er eigentlich nur eins will - und zwar um jeden Preis: Mare. Teil 2 der Serie "Die Farben des Blutes" (Verlagstext)</marc:subfield>
   </marc:datafield>
   <marc:datafield ind1=" " ind2=" " tag="020">
      <marc:subfield code="a">9783551583277</marc:subfield>
      <marc:subfield code="9">9783551583277</marc:subfield>
   </marc:datafield>
   <marc:datafield ind1=" " ind2=" " tag="020">
      <marc:subfield code="a">3551583277</marc:subfield>
      <marc:subfield code="9">3551583277</marc:subfield>
   </marc:datafield>
   <marc:datafield ind1=" " ind2=" " tag="300">
      <marc:subfield code="a">574 S.</marc:subfield>
   </marc:datafield>
</marc:record>
